|
|
|
|
| LEADER |
00933cam a2200253 7i4500 |
| 001 |
0000043629 |
| 005 |
20170308090000.0 |
| 020 |
|
|
|a 9781118018644 (hbk.)
|
| 020 |
|
|
|a 9781118099759
|
| 020 |
|
|
|a 9781118099773
|
| 020 |
|
|
|a 9781118099766
|
| 090 |
0 |
0 |
|a RC473.B43
|b H37 2011
|
| 100 |
1 |
|
|a Haynes, Stephen N
|
| 245 |
1 |
0 |
|a Behavioral assessment and case formulation
|c Stephen N. Haynes, William H. O'Brien, Joseph Keawe'aimoku Kaholokula.
|
| 260 |
|
|
|a Hoboken, N.J.:
|b John Wiley & Sons,
|c 2011.
|
| 300 |
|
|
|a xiii, 394 p.:
|b ill.;
|c 25 cm.
|
| 650 |
0 |
0 |
|a Behavior modification
|
| 650 |
0 |
0 |
|a Personality assessment
|
| 650 |
0 |
0 |
|a Mental disorders --
|x Therapy
|
| 700 |
1 |
|
|a O'Brien, William Hayes
|
| 700 |
1 |
|
|a Kaholokula, Joseph Keawe'aimoku
|
| 997 |
|
|
|a Education & Social Sciences, Faculty
|b Social Sciences, Department
|
| 998 |
|
|
|a Industrial Psychology, Degree
|
| 999 |
|
|
|a 0000054677
|b BOK
|c OPEN SHELF
|e 2nd Floor, Bestari Jaya
|